Statistics for Top 10 Foreign Prisoner Nationalities in UK

Click here to take the quiz!

General Stats

  • This quiz has been taken 621 times
  • The average score is 5 of 10

Answer Stats

AnswerNumber% of foreign national prisoners% Correct
Irish6176%
92%
Polish8689%
81%
Pakistani2713%
80%
Romanian7327%
67%
Albanian152816%
41%
Jamaican4034%
41%
Portuguese2553%
37%
Lithuanian4014%
33%
Somalian2683%
33%
Vietnamese2342%
24%

Score Distribution

Percentile by Number Answered

Percent of People with Each Score

Your Score History

You have not taken this quiz